000 00602nam a2200205Ia 4500
005 20250923145353.0
008 008 250917s9999 xx 000 0 eng d
037 _aTextual
040 _aDSWL
_beng
_cDSWL
041 _aeng
_2eng
084 _aY72-73(Q2):1.297, N63
_qDSWL
100 _aBetrreman, G.D.
_9834582
245 0 _aHindus on the Himalayas
_c by G.D. Betrreman
260 _aBombay
_bOxford University Press
_c1963
300 _ax,430 p.
365 _aINR
_b25 . 0
925 _g25 . 0
942 _cTEXL
_hY72-73(Q2):1.297, N63
999 _c1450551
_d1450551